000 00418nam a22001577a 4500
999 _c3976
_d3976
008 200709b ||||| |||| 00| 0 eng d
082 0 0 _a670
_bT5839
100 _93283
_aTimings, R. L.
245 1 0 _aManufacturing technology /
_cby R. L. Timings
250 _a2nd ed.
260 _aEngland
_bLongman
_c1984
300 _a269 p.
490 0 _aLongman Technician Series
650 0 _aManufacturing processes
942 _cBK